000 00301nam a22001337a 4500
008 170406b xxu||||| |||| 00| 0 eng d
020 _a9780071434973
041 _aeng
080 _a616.15
100 _a9
101 _aSHM
245 _aHEMATOLOGY-ONCOLOGY THERAPY
_cBOYIADZIS, M.M
942 _2udc
_cBK
999 _c9909
_d9909